<?xml version="1.0" encoding="UTF-8"?>
<collection xmlns="http://www.loc.gov/MARC21/slim">
 <record>
  <leader>00548pamaa2200169   4500</leader>
  <controlfield tag="001">0000023020</controlfield>
  <controlfield tag="005">20091201090000.0</controlfield>
  <datafield tag="020" ind1="0" ind2="0">
   <subfield code="a">0818676450 (pbk) </subfield>
  </datafield>
  <datafield tag="082" ind1=" " ind2=" ">
   <subfield code="a">005.14 OMA</subfield>
  </datafield>
  <datafield tag="090" ind1="0" ind2="0">
   <subfield code="a">QA76.73.Q35 </subfield>
   <subfield code="b">OMA 1997</subfield>
  </datafield>
  <datafield tag="100" ind1="1" ind2="0">
   <subfield code="a">OMAN </subfield>
  </datafield>
  <datafield tag="245" ind1="1" ind2="0">
   <subfield code="a">Applying software metrics  </subfield>
   <subfield code="c">Paul Oman and Shari Lawrance Pfleeger.</subfield>
  </datafield>
  <datafield tag="260" ind1="0" ind2="0">
   <subfield code="a">California: </subfield>
   <subfield code="b">IEEE Computer Society Press, </subfield>
   <subfield code="c">1997.</subfield>
  </datafield>
  <datafield tag="300" ind1=" " ind2=" ">
   <subfield code="a">xiii, 321p.: </subfield>
   <subfield code="b">ill.; </subfield>
   <subfield code="c">28cm.</subfield>
  </datafield>
  <datafield tag="504" ind1="0" ind2="0">
   <subfield code="a">Includes bibliographical references</subfield>
  </datafield>
  <datafield tag="650" ind1="0" ind2="0">
   <subfield code="a">Computer software -- </subfield>
   <subfield code="x">Quality control </subfield>
  </datafield>
  <datafield tag="700" ind1="1" ind2="1">
   <subfield code="a">Pfleeger, </subfield>
   <subfield code="h">Shari Lawrence </subfield>
  </datafield>
 </record>
</collection>
